Probleme bei der Bekämpfung der Geldwäscherei

Gespeichert in:  
Bibliographische Detailangaben
1. VerfasserIn: Guggenbühl, Heinrich (Verfasst von)
Medienart: Druck Aufsatz
Sprache:Deutsch
Veröffentlicht: 1999
In: Organisierte Kriminalität und Sicherheit
Jahr: 1999, Seiten: 91-98
Verfügbarkeit prüfen: HBZ Gateway
Schlagwörter:

MARC

LEADER 00000caa a22000002c 4500
001 152589076X
003 DE-627
005 20220604104831.0
007 tu
008 160223s1999 xx ||||| 00| ||ger c
020 |a 3258059497 
035 |a (DE-627)152589076X 
035 |a (DE-576)455890765 
035 |a (DE-599)BSZ455890765 
040 |a DE-627  |b ger  |c DE-627  |e rakwb 
041 |a ger 
100 1 |a Guggenbühl, Heinrich  |4 aut 
245 1 0 |a Probleme bei der Bekämpfung der Geldwäscherei  |c Heinrich Guggenbühl 
264 1 |c 1999 
336 |a Text  |b txt  |2 rdacontent 
337 |a ohne Hilfsmittel zu benutzen  |b n  |2 rdamedia 
338 |a Band  |b nc  |2 rdacarrier 
773 0 8 |i In  |t Organisierte Kriminalität und Sicherheit  |d Bern [u.a.] : Haupt, 1999  |g (1999), Seite 91-98  |h VI, 99 S  |w (DE-627)251259048  |w (DE-576)071009434  |z 3258059497  |7 nnam 
773 1 8 |g year:1999  |g pages:91-98 
935 |a mkri 
951 |a AR 
ELC |b 1 
LOK |0 000 xxxxxcx a22 zn 4500 
LOK |0 001 2899359304 
LOK |0 003 DE-627 
LOK |0 004 152589076X 
LOK |0 005 20260211073856 
LOK |0 008 160208||||||||||||||||ger||||||| 
LOK |0 040   |a DE-21-110  |c DE-627  |d DE-21-110 
LOK |0 689   |a g  |a Schweiz 
LOK |0 689   |a s  |a Geldwäscherei 
LOK |0 852   |a DE-21-110 
LOK |0 852 1  |m p  |9 00 
LOK |0 935   |a k110 
LOK |0 938   |k p 
LOK |0 939   |a 08-02-16  |b l01 
ORI |a WA-MARC-krimdoka001.raw